Regions of Portugal - Statistics

General Stats
  • This quiz has been taken 319 times
    291 since last reset
  • The average score is 12 of 18
Answer Stats
Answer % Correct
Lisbon
98%
Porto
93%
Faro
85%
Braga
74%
Beja
69%
Setúbal
69%
Coimbra
65%
Aveiro
62%
Viana do Castelo
62%
Bragança
60%
Santarém
57%
Vila Real
57%
Castelo Branco
56%
Évora
56%
Guarda
55%
Portalegre
55%
Leiria
54%
Viseu
50%
No matching quizzes found
Score Distribution
Percent of People with Each Score
Percentile by Number Answered
Your Score History
You have not taken this quiz since the last reset